MDQL
is popping MORE tags! Check the
thread
!
Quizzes
Events
Quiz Creation
Community
Videos
Private Events
Remove Ads
Sign In
Join for FREE
Feedback
Dark Mode
Quiz Categories
Sports
Geography
Music
Movies
Television
Just For Fun
Miscellaneous
History
Literature
Language
Science
Gaming
Entertainment
Religion
Holiday
For Kids
Quiz Lab
Recent
Popular Today
Quiz Kudos Today
Editor Picks
Curator Picks
Quizzes by...
Day
Popularity
Type
Ratings
Length
Year
Community
Subscriptions
Recent Discussions
Orange Saloon
Badges
Playlists
Quests
Create
Leaderboards
Showdown
Live 5
Trivia Bingo
Activity
Puzzle Library
Sporcle Events
Private Events
Virtual Trivia
Globe League
Become a Host
Pub Owners
SporcleCon
Opinionation
Our Games
Videos
Blog
Mobile Apps
Partnerships
Remove Ads and Go Orange
Feedback
Music
Pop Music
The Beatles
Song
Album
Lyrics
Bands
Singers
Artist
Clip
Rock
Rap
Classical
Billboard
Country Music
Kpop
Taylor Swift
Music
Pop Music
The Beatles
Song
Album
Lyrics
Bands
Singers
Artist
Clip
Rock
Rap
Classical
Billboard
Country Music
Kpop
Taylor Swift
Random Quiz
Search Sporcle
×
Quiz Lab
Quiz Lab
Music
Artist
Type in answers that appear in a list
Type in answers that appear in a list
Classic
Best Score? Go Orange.
Now That's What I Call Music! Stats
Can you name the songs on the first 10 US Now That's What I Call Music albums?
By
Crash_McLarson
20m
188 Questions
196 Plays
196 Plays
196 Plays
Comments
Comments
Give Quiz Kudos
Give Quiz Kudos
-
- Ratings
hide this ad
Replay
Link that replays current quiz
Next Quiz
Link to next quiz in quiz playlist
You Got
0%
They Got
Avg Score
38%
Avg Friend Score
Upgrade to see
Score Distribution
Jump to the score distribution portion of the page
Score
0/188
Timer
20:00
0
Plays Today
Song
% Correct
...Baby One More Time
80.6%
Barbie Girl
76.5%
All Star
76.5%
Blue (Da Ba Dee)
75%
MMMBop
74.5%
Bye Bye Bye
70.4%
All the Small Things
69.4%
Beautiful Day
61.7%
It Wasn't Me
61.2%
Yellow
61.2%
What's My Age Again?
59.7%
I Try
59.2%
Survivor
59.2%
Candy
58.7%
Clint Eastwood
58.2%
(You Drive Me) Crazy
57.7%
Kryptonite
57.7%
Whenever, Wherever
57.7%
It's My Life
56.1%
A Thousand Miles
55.6%
Sex and Candy
54.6%
American Woman
54.1%
Larger Than Life
54.1%
Crazy
53.6%
Closing Time
53.1%
It's Gonna Be Me
53.1%
Fly Away
52.6%
You Get What You Give
52%
The Way
51.5%
Lucky
51.5%
Can't Get You Out of My Head
51%
Try Again
50.5%
All My Life
50%
Aaron's Party (Come Get It)
50%
Fat Lip
50%
How You Remind Me
50%
Drive
49.5%
Zoot Suit Riot
49%
Praise You
49%
Bootylicious
49%
All For You
48.5%
Jaded
48.5%
Family Affair
48.5%
Flagpole Sitta
48%
Bailamos
48%
Let Me Blow Ya Mind
48%
Waiting For Tonight
47.4%
With Arms Wide Open
47.4%
As Long As You Love Me
46.9%
The Rockafeller Skank
46.9%
Independent Women Part I
46.9%
Karma Police
46.4%
Pop
46.4%
I'm Real
46.4%
I Knew I Loved You
45.9%
Meet Virginia
45.9%
Stronger
45.9%
Hanging By a Moment
45.9%
Nookie
45.4%
Never Ever
44.9%
Get the Party Started/Sweet Dreams
44.9%
Sometimes
44.4%
Jumpin' Jumpin'
44.4%
Song
% Correct
Absolutely (Story of a Girl)
44.4%
Hard Knock Life (Ghetto Anthem)
43.9%
Incomplete
43.9%
I Need To Know
42.9%
I'm a Believer
42.9%
Back Here
42.3%
The Rock Show
42.3%
I'm a Slave 4 U
42.3%
Girlfriend (The Neptunes Remix)
42.3%
Together Again
41.8%
Say You'll Be There
41.3%
Wonderful
41.3%
Again
41.3%
Shake It Fast
40.8%
Show Me the Meaning of Being Lonely
40.3%
What Would You Do?
39.8%
Millennium
39.3%
I Think I'm Paranoid
39.3%
Case of the Ex
39.3%
Ride wit' Me
39.3%
Rock the Boat
38.8%
Father of Mine
38.3%
What I Got
38.3%
Faded
38.3%
Crazy For This Girl
37.8%
U Got It Bad
37.8%
Then the Morning Comes
37.2%
Around the World (La La La La La)
37.2%
Love Don't Cost a Thing
37.2%
Never There
36.7%
Hey Leonardo (She Likes Me For Me)
36.7%
Out of My Head
36.7%
Stutter (Double Take Remix)
36.7%
Always On Time
36.7%
Underneath Your Clothes
35.7%
If You Could Only See
35.2%
I Will Buy You a New Life
35.2%
Shape of My Heart
35.2%
Sweetest Thing
34.7%
Give Me Just One Night (Una Noche)
34.7%
Doesn't Really Matter
34.7%
Hemmorhage (In My Hands)
34.7%
Never Had a Dream Come True
34.7%
Play
34.2%
The Call
33.7%
This I Promise You
33.7%
No More (Baby I'ma Do Right)
33.2%
Flavor of the Weak
33.2%
Caramel (Trackmasters Remix)
33.2%
First Date
33.2%
I Think I'm In Love With You
32.1%
Gotta Tell You
32.1%
Because of You
31.6%
Goodbye
31.6%
Take Me There
31.6%
Crush
31.6%
Ain't it Funny
31.6%
Turn Off the Light
31.6%
All I Have To Give
31.1%
The Hardest Thing
30.6%
It Feels So Good
30.6%
Steal My Kisses
30.6%
Lights, Camera, Action!
30.6%
Song
% Correct
AM Radio
30.1%
Escape
30.1%
More Than a Woman
30.1%
My Favorite Mistake
29.6%
Everybody's Free (To Wear Sunscreen)
29.6%
Walk On
29.6%
Start the Commotion
29.1%
Gone
29.1%
Get It On Tonight
28.6%
Someone to Call My Lover
28.6%
Stuck in a Moment You Can't Get Out Of
28.6%
Move It Like This
28.6%
This Time Around
28.1%
Fiesta Remix
28.1%
Just Push Play
28.1%
Anytime
27.6%
I'll Never Break Your Heart
27.6%
I Wanna Be With You
27.6%
Danger (Been So Long)
27.6%
I Wish
27%
More Than That
27%
I Wanna Know
26.5%
In My Pocket
26.5%
Playas Gon' Play
26.5%
Rollout (My Business)
26.5%
Dig In
26.5%
We Are All Made of Stars
26.5%
Bad Day
26%
Baby, Come Over (This Is Our Night)
25.5%
Raise Up (All Cities Remix)
25.5%
Giving In
25.5%
Wish You Were Here
25%
Overprotected (The Darkchild Remix)
25%
Uh Huh
25%
Don't Let Me Be the Last To Know
24.5%
Me, Myself, and I
24.5%
Differences
24.5%
AM To PM
24%
Be Like That
24%
Don't Think I'm Not
23.5%
Drowning
23.5%
A New Day Has Come
23.5%
Special
23%
Emotion
23%
Don't Say Goodbye
23%
Chanté's Got a Man
22.4%
If I Could Turn Back the Hands of Time
21.9%
Livin' It Up
21.9%
Shorty (You Keep Playin' With My Mind)
21.4%
Get Gone
21.4%
I'm Gonna Be Alright (Track Masters Remix)
20.9%
Tell Me It's Real
18.4%
halfcrazy
18.4%
Why I'm Here
17.9%
A Little Bit
17.3%
Stillness of Heart
17.3%
I Belong To You
16.3%
From My Head to My Heart
15.3%
Sugarhigh
14.8%
When a Woman's Fed Up
14.3%
Happily Ever After
14.3%
I've Got You
13.8%
Quiz Playlist
Details
Report
Send in Message
Add To Playlist
Classic:
Type in answers that appear in a list
Last Updated: Feb 16, 2017
Quiz Scoreboard
CHALLENGE
Sign Up to Join the Scoreboard
Show All
Scores
Hide
Comments
May contain spoilers
Recently Published
Image Sorting: Flags VI
by Barbecue
Geography
2m
Find the 'City' Movie
by crazypaving
Movies
60s
Colored Red Africa Blitz
by spor1
Geography
45s
More to Explore
Quiz From the Vault
Featured Blog Post
14 Easter Pick-up Lines to Find Eggs With
hide this ad
You Might Also Like...
Tags
Album Quiz
Artist Quiz
Song Quiz
Call of Duty
Today's Top Quizzes in Music
Browse Music
hide this ad
Today's Top Quizzes in Artist
Browse Artist
Top Contributed Quizzes in Music
1
5X2 Blitz: Bands II
2
5X2 Blitz: The Beatles
3
Taylor Swift All Songs (2024)
4
5X2 Blitz: Billboard
5
5X2 Blitz: Billboard II
6
5X2 Blitz: Album
7
5X2 Blitz: Rock
8
5X2 Blitz: Singers
9
Taylor Swift Logic Puzzle II
10
5X2 Blitz: Lyrics
Explore More
Trending Topics
Disney
Kpop
Crossword
Anime
NBA
Marvel
Harry Potter
Puzzle
The Office
Song
Soccer
NFL
WWE
Pokémon
Country
hide this ad
More By:
Crash_McLarson
Quiz
Plays
Rating
Category
Featured
Created
Figure Out the Lyrics V
321,945
3.83
Music
Dec 7, 2009
Figure Out The Lyrics (LXXII)
15,643
4.19
Music
Dec 10, 2009
Top 100 Bands 2000
6,048
4.11
Music
Nov 23, 2010
Top 100 Bands 2003
3,447
3.81
Music
Dec 7, 2010
Lyrics! For Guessing Purposes!
3,218
4.00
Music
Jul 4, 2010
Go to Creator's Profile
Score Distribution
Quiz Creator Spotlight
Crash_McLarson
Follow
Send a Message
Quizzes Created
-
Created Quiz Play Count
-
More By This Creator
Popular Quizzes Today
1
Colored Red Africa Blitz
2
Find the US States - No Outlines Minefield
3
Find the 'City' Movie
4
5x2 Blitz: Bands
5
The Countries of the World
6
Find the US States
7
Find the Countries of Europe - No Outlines Minefield
8
US States
More Music Quizzes
Songs on Automatic for the People
Published
Trending Quizzes
Colored Red Europe Blitz I
Colored Red Europe Blitz II
Colored Red Africa Blitz II
Colored Red Europe Blitz III
Colored Red Africa Blitz III
Recently Updated
How Do You Spell That?
pecheneg
Godzilla Movies
pecheneg
Grab Bag: 4-10 Letters
pecheneg
2024 March Madness Bracket
pecheneg
Famous TV Couples
Peacemaker
Champions League XIs: Real Madrid
pecheneg
Largest US Cities 1790-2010
pecheneg
Rides in Walt Disney World
pecheneg
Most Oscar Losses (Acting)
pecheneg
Beyoncé Albums
pecheneg
Trending Topics
Kpop
NBA
Harry Potter
Marvel
Anime
Crossword
Disney
Soccer
Song
NFL
Pokémon
Country
WWE
The Office
Puzzle
Your Account Isn't Verified!
In order to create a playlist on Sporcle, you need to verify the email address you used during registration. Go to your
Sporcle Settings
to finish the process.
Report this User
Report this user for behavior that violates our
Community Guidelines
.
Details:
Send Report
Go to the Sporcle.com Mobile Site →
Comments